000 00440cam a22001331 4500
082 _a355.0941
_bKEN
100 1 _aKennedy, James Russell,
_949531
245 1 0 _aThis, our army,
_cby Captain J.R. Kennedy ... with 20 illustrations.
260 _aLondon,
_bHutchinson & co. ltd.,
_c[1935]
300 _a3 p., l., 13-268 p.
_bfront., plates, ports.
_c22 cm.
526 _a0
_b0
_c0
_d355_094100000000000_KEN
650 _aMCE
_9379
942 _2ddc
_cBK
999 _c552309
_d552309